[Event "Lloyds Bank Masters 07th"]
[Site "London"]
[Date "1983.08.24"]
[Round "1"]
[White "Berkell, Peder"]
[Black "Hartston, William Roland"]
[Result "0-1"]
[WhiteElo "2330"]
[BlackElo "2445"]
[PlyCount "78"]
[EventDate "1983.08.24"]
[EventType "swiss"]
[EventRounds "9"]
[EventCountry "ENG"]
[SourceTitle "Britbase"]

1. d4 d5 2. Nf3 Nf6 3. c4 c6 4. e3 g6 5. Nc3 Bg7 6. Be2 O-O 7. O-O Bg4 8. Qb3
Qb6 9. cxd5 Qxb3 10. axb3 Nxd5 11. Nxd5 cxd5 12. h3 Bxf3 13. Bxf3 e6 14. Bd2
Nc6 15. Rfc1 Rfc8 16. Rc2 Bf8 17. Rac1 Bd6 18. Be2 Ne7 19. Rxc8+ Rxc8 20. Rxc8+
Nxc8 21. b4 Kf8 22. g4 Ke7 23. Kg2 Kd7 24. b5 Be7 25. b3 Nd6 26. f3 Bg5 27. Kg3
f5 28. h4 Bf6 29. g5 Bd8 30. Bd3 Nf7 31. Bc3 Bc7+ 32. Kf2 Bb6 33. Kg2 e5 34. e4
exd4 35. Bb2 Ne5 36. Bb1 dxe4 37. fxe4 f4 38. Bc2 f3+ 39. Kf1 Ng4 0-1

[Event "Lloyds Bank Masters 07th"]
[Site "London"]
[Date "1983.08.24"]
[Round "1"]
[White "Garcia, Nestor"]
[Black "Hund, Isabel"]
[Result "0-1"]
[WhiteElo "2215"]
[BlackElo "1910"]
[PlyCount "83"]
[EventDate "1983.08.24"]
[EventType "swiss"]
[EventRounds "9"]
[EventCountry "ENG"]
[SourceTitle "Britbase"]

1. d4 d5 2. Nf3 Bf5 3. c4 Bxb1 4. Rxb1 Nc6 5. e3 e6 6. a3 Nf6 7. Bd3 Be7 8. Qc2
dxc4 9. Bxc4 O-O 10. O-O Qd6 11. Rd1 Rad8 12. Be2 Nb8 13. b4 Qc6 14. Qxc6 Nxc6
15. b5 Nb8 16. Ne5 Nd5 17. Rb3 b6 18. Bd2 Rc8 19. Rc1 Rfd8 20. a4 Bd6 21. Nc6
Nxc6 22. bxc6 Nf6 23. Ba6 Rb8 24. Bc3 Nd5 25. Bd2 Nf6 26. Rb5 Ne4 27. Be1 Ba3
28. Ra1 Be7 29. f3 Nd6 30. Rb3 Bf6 31. Rd1 Nf5 32. Bf2 Ne7 33. Bg3 e5 34. Rc1
Nf5 35. Bxe5 Bxe5 36. dxe5 Rd2 37. Bd3 Ne7 38. Rbc3 Rd8 39. Bf1 Ra2 40. Rc4 Nf5
41. Re4 Kf8 42. Rb1 {time} 0-1

[Event "Lloyds Bank Masters 07th"]
[Site "London"]
[Date "1983.08.24"]
[Round "1"]
[White "Kopec, Danny"]
[Black "Johansen, Darryl Keith"]
[Result "1/2-1/2"]
[WhiteElo "2340"]
[BlackElo "2485"]
[PlyCount "49"]
[EventDate "1983.08.24"]
[EventType "swiss"]
[EventRounds "9"]
[EventCountry "ENG"]
[SourceTitle "Britbase"]

1. e4 c5 2. Nf3 Nc6 3. Bd3 g6 4. c3 d5 5. exd5 Qxd5 6. Qe2 Bg7 7. Bc4 Qd8 8. d3
Nh6 9. Nbd2 O-O 10. Ne4 Na5 11. h4 Nxc4 12. dxc4 Bg4 13. h5 Nf5 14. hxg6 hxg6
15. Neg5 Qa5 16. Bd2 Qb6 17. O-O-O Qa6 18. Qe4 Bxf3 19. Qxf3 Qxc4 20. Rh7 Qxa2
21. Qh3 Qa1+ 22. Kc2 Qa4+ 23. Kc1 Qa1+ 24. Kc2 Qa4+ 25. Kc1 1/2-1/2

[Event "Lloyds Bank Masters 07th"]
[Site "London"]
[Date "1983.08.24"]
[Round "1"]
[White "Milligan, Helen"]
[Black "Jackson, Sheila"]
[Result "0-1"]
[WhiteElo "1905"]
[BlackElo "2205"]
[PlyCount "72"]
[EventDate "1983.08.24"]
[EventType "swiss"]
[EventRounds "9"]
[EventCountry "ENG"]
[SourceTitle "Britbase"]

1. e4 e5 2. Nf3 Nc6 3. Bb5 a6 4. Bxc6 dxc6 5. O-O f6 6. d4 exd4 7. Nxd4 c5 8.
Nf3 Qxd1 9. Rxd1 Bd6 10. Nbd2 Be6 11. b3 Ne7 12. Bb2 Nc6 13. Nc4 Bxc4 14. bxc4
O-O-O 15. Re1 Na5 16. e5 Nxc4 17. exd6 Nxb2 18. dxc7 Rd7 19. Re4 b5 20. Rae1
Kxc7 21. h3 Rhd8 22. Re6 Rd6 23. Re7+ R8d7 24. Re8 Rd1 25. R8e6 Kb7 26. Kh2
Rxe1 27. Rxe1 Nd1 28. Kg1 b4 29. Re8 Nc3 30. Ne1 c4 31. g3 Nxa2 32. Re4 Rc7 33.
Re3 a5 34. Nf3 a4 35. Nd4 Rd7 36. Nf3 b3 0-1

[Event "Lloyds Bank Masters 07th"]
[Site "London"]
[Date "1983.08.24"]
[Round "1"]
[White "Murey, Jacob"]
[Black "Law, Andrew P"]
[Result "1-0"]
[WhiteElo "2485"]
[BlackElo "2340"]
[PlyCount "89"]
[EventDate "1983.08.24"]
[EventType "swiss"]
[EventRounds "9"]
[EventCountry "ENG"]
[SourceTitle "Britbase"]

1. e4 e5 2. Nf3 Nc6 3. Bb5 a6 4. Ba4 Nf6 5. O-O Be7 6. Re1 b5 7. Bb3 O-O 8. c3
d5 9. exd5 Nxd5 10. Nxe5 Nxe5 11. Rxe5 c6 12. Bxd5 cxd5 13. d4 Bd6 14. Re3 Qh4
15. g3 Bg4 16. f3 Bxg3 17. Qe2 Bf4 18. fxg4 Bxe3+ 19. Bxe3 Rae8 20. Nd2 f5 21.
gxf5 Qh3 22. Nf1 Rxf5 23. Ng3 Rf6 24. Rf1 Rg6 25. Qf3 h5 26. Qxd5+ Kh7 27. Rf3
Ree6 28. Kh1 h4 29. Qf5 Qxf5 30. Nxf5 Rgf6 31. Bg5 Re1+ 32. Kg2 Rg6 33. Kf2 Rb1
34. Bxh4 Rxb2+ 35. Ke3 Re6+ 36. Kd3 Ree2 37. Bg5 Rxh2 38. Be3 b4 39. cxb4 Rxb4
40. Rg3 g6 41. Ne7 Rxa2 42. Rxg6 Rb3+ 43. Ke4 Re2 44. Rg3 a5 45. Nd5 1-0

[Event "Lloyds Bank Masters 07th"]
[Site "London"]
[Date "1983.08.24"]
[Round "1"]
[White "Norman, Kenneth I"]
[Black "De Jong, Tom"]
[Result "0-1"]
[WhiteElo "2230"]
[BlackElo "2285"]
[PlyCount "76"]
[EventDate "1983.08.24"]
[EventType "swiss"]
[EventRounds "9"]
[EventCountry "ENG"]
[SourceTitle "Britbase"]

1. Nf3 Nf6 2. c4 g6 3. d4 Bg7 4. g3 O-O 5. Bg2 d6 6. Nc3 Nc6 7. O-O a6 8. d5
Na5 9. Nd2 c5 10. Qc2 Rb8 11. b3 b5 12. Bb2 Bh6 13. f4 bxc4 14. bxc4 e5 15.
dxe6 Bxe6 16. Nd5 Bxd5 17. cxd5 Rxb2 18. Qxb2 Ng4 19. Rab1 Bg7 20. Qa3 Ne3 21.
Rfc1 Bd4 22. Kh1 Re8 23. Bf3 h5 24. Nf1 h4 25. Nxe3 Bxe3 26. Rd1 hxg3 27. hxg3
Bxf4 28. gxf4 Qh4+ 29. Kg2 Nc4 30. Qd3 Ne3+ 31. Qxe3 Rxe3 32. Rb8+ Kg7 33. Rh1
Qxf4 34. Rhh8 Re5 35. Rbg8+ Kf6 36. Rh7 Rg5+ 37. Kf2 Qd4+ 38. Kf1 Rg1# 0-1

[Event "Lloyds Bank Masters 07th"]
[Site "London"]
[Date "1983.08.24"]
[Round "1"]
[White "Rogers, Ian"]
[Black "Wells, Peter K"]
[Result "1-0"]
[WhiteElo "2450"]
[BlackElo "2335"]
[PlyCount "133"]
[EventDate "1983.08.24"]
[EventType "swiss"]
[EventRounds "9"]
[EventCountry "ENG"]
[SourceTitle "Britbase"]

1. d4 Nf6 2. c4 e6 3. g3 Bb4+ 4. Bd2 a5 5. Bg2 d5 6. Qc2 Nc6 7. Nf3 dxc4 8.
Qxc4 Qd5 9. Qd3 O-O 10. O-O Rd8 11. Nc3 Qh5 12. Bf4 Nxd4 13. Bxc7 Nxf3+ 14.
Qxf3 Qxf3 15. Bxf3 Re8 16. Rfd1 Bxc3 17. bxc3 e5 18. Rab1 e4 19. Bg2 Be6 20.
Rd2 Bc4 21. Rbd1 b5 22. Bd6 h6 23. Bc5 Rac8 24. Bb6 Ra8 25. h3 Ra6 26. Be3 b4
27. cxb4 axb4 28. Bc5 Rxa2 29. Rxa2 Bxa2 30. Bxb4 Bc4 31. e3 Bd3 32. Bc3 Nd7
33. Bd4 Nf8 34. h4 Ne6 35. Bh3 Nxd4 36. exd4 Rd8 37. f3 Be2 38. Rd2 Bxf3 39.
Kf2 Rd5 40. Ke3 g5 41. Rc2 Kg7 42. Rc5 Rd8 43. hxg5 Ra8 44. gxh6+ Kxh6 45. Rc7
Kg6 46. Kf4 Rd8 47. Bf5+ Kf6 48. Bxe4 Bxe4 49. Kxe4 Rg8 50. Rc3 Ke6 51. Re3 Rd8
52. Ra3 Rg8 53. Ra6+ Ke7 54. Kf4 Rb8 55. Ra3 Rb1 56. Ke5 Rb5+ 57. d5 f6+ 58.
Kd4 Rb1 59. Ra7+ Kd6 60. Ra6+ Ke7 61. Re6+ Kf7 62. Re3 Rc1 63. d6 Rc8 64. Re7+
Kf8 65. Rh7 Kg8 66. Rc7 Rd8 67. Kd5 1-0

[Event "Lloyds Bank Masters 07th"]
[Site "London"]
[Date "1983.08.25"]
[Round "2"]
[White "Arkell, Keith C"]
[Black "Wicker, Kevin J"]
[Result "1/2-1/2"]
[WhiteElo "2310"]
[BlackElo "2280"]
[PlyCount "79"]
[EventDate "1983.08.24"]
[EventType "swiss"]
[EventRounds "9"]
[EventCountry "ENG"]
[SourceTitle "Britbase"]

1. Nf3 Nf6 2. c4 d6 3. d4 g6 4. Nc3 Bg7 5. g3 c6 6. Bg2 a6 7. O-O O-O 8. c5 Bf5
9. Qb3 b5 10. cxb6 Be6 11. Qa3 Qxb6 12. e4 Nbd7 13. b3 c5 14. e5 Nd5 15. Na4
Qb5 16. dxc5 dxc5 17. Bb2 Rac8 18. Ng5 Nxe5 19. Nxe6 fxe6 20. Rfe1 Nf3+ 21.
Bxf3 Rxf3 22. Bxg7 Kxg7 23. Rxe6 c4 24. Qc1 c3 25. Qe1 Rf6 26. Rc1 Qd3 27. Re5
Qd2 28. Rd1 Qxe1+ 29. Rexe1 c2 30. Ra1 Nb4 31. Nb2 Nxa2 32. Nd3 Rd6 33. Nc1 Nb4
34. Ra4 Nd3 35. Nxd3 Rxd3 36. Raa1 Kf7 37. b4 Rcd8 38. Rec1 Rd1+ 39. Kg2 R8d2
40. Rxc2 1/2-1/2

[Event "Lloyds Bank Masters 07th"]
[Site "London"]
[Date "1983.08.25"]
[Round "2"]
[White "De Jong, Tom"]
[Black "Rogers, Ian"]
[Result "0-1"]
[WhiteElo "2285"]
[BlackElo "2450"]
[PlyCount "80"]
[EventDate "1983.08.24"]
[EventType "swiss"]
[EventRounds "9"]
[EventCountry "ENG"]
[SourceTitle "Britbase"]

1. e4 d5 2. exd5 Qxd5 3. Nc3 Qa5 4. d4 Nf6 5. Nf3 Bg4 6. h3 Bh5 7. g4 Bg6 8.
Ne5 e6 9. Bd2 Bb4 10. Bc4 Nbd7 11. Nxd7 Nxd7 12. a3 Bxc3 13. Bxc3 Qg5 14. Bd2
Qf6 15. Be3 Be4 16. Rg1 Nb6 17. Bd3 Bxd3 18. Qxd3 Qf3 19. Rg3 Qd5 20. O-O-O Qa2
21. c3 O-O-O 22. Rf3 Rd7 23. Bg5 h6 24. Bh4 Kb8 25. Qb1 Qd5 26. Re3 Nc4 27.
Ree1 h5 28. Bg3 hxg4 29. hxg4 Qg5+ 30. Kc2 Qxg4 31. Qa2 Nb6 32. Qb3 Ka8 33. Re5
Rh5 34. Qb4 a6 35. Qf8+ Ka7 36. Rxh5 Qxh5 37. Qxg7 Qe2+ 38. Rd2 Qe4+ 39. Kc1
Nc4 40. f3 Qe3 0-1

[Event "Lloyds Bank Masters 07th"]
[Site "London"]
[Date "1983.08.25"]
[Round "2"]
[White "Hartston, William Roland"]
[Black "Kosten, Anthony C"]
[Result "1/2-1/2"]
[WhiteElo "2445"]
[BlackElo "2395"]
[PlyCount "45"]
[EventDate "1983.08.24"]
[EventType "swiss"]
[EventRounds "9"]
[EventCountry "ENG"]
[SourceTitle "Britbase"]

1. d4 Nf6 2. Nf3 e6 3. e3 b6 4. Bd3 Bb7 5. O-O d5 6. b3 Bd6 7. Bb2 O-O 8. Ne5
Nbd7 9. Nd2 Ne4 10. f3 Nxd2 11. Qxd2 c5 12. c4 cxd4 13. Nxd7 Qxd7 14. exd4 Qe7
15. Rac1 Rfd8 16. f4 Rac8 17. Rc2 Rc7 18. Qe3 h6 19. Qh3 Ba3 20. Ba1 Qd6 21. f5
dxc4 22. bxc4 Bc5 23. dxc5 1/2-1/2

[Event "Lloyds Bank Masters 07th"]
[Site "London"]
[Date "1983.08.25"]
[Round "2"]
[White "Johansen, Darryl Keith"]
[Black "Wockenfuss, Klaus"]
[Result "1-0"]
[WhiteElo "2485"]
[BlackElo "2355"]
[PlyCount "159"]
[EventDate "1983.08.24"]
[EventType "swiss"]
[EventRounds "9"]
[EventCountry "ENG"]
[SourceTitle "BritBase"]
[Source "John Saunders"]
[SourceDate "2022.12.30"]
[SourceVersion "1"]
[SourceVersionDate "2022.12.30"]
[SourceQuality "1"]

1. e4 e5 2. Nf3 Nc6 3. Bb5 f5 4. d4 fxe4 5. Nxe5 Nxe5 6. dxe5 c6 7. Nc3 cxb5 8.
Nxe4 d5 9. exd6 Nf6 10. O-O Nxe4 11. Qh5+ g6 12. Qe5+ Kf7 13. Qxh8 Nf6 14. Bh6
Be6 15. Bxf8 Qxf8 16. Qxf8+ Rxf8 17. Rfd1 Rc8 18. c3 a6 19. Rd3 Rd8 20. a4 Bd5
21. axb5 axb5 22. Ra5 Bc6 23. Ra1 Nd5 24. g3 Rxd6 25. Re1 Re6 26. Rf3+ Ke7 27.
Rxe6+ Kxe6 28. h4 h5 29. Rd3 Nb6 30. Kf1 Nc4 31. b3 Ne5 32. Rd4 Nf3 33. Rd8 Bd5
34. Ke2 Ne5 35. b4 Bc4+ 36. Ke3 Ng4+ 37. Kf3 Bd5+ 38. Ke2 Bc6 39. Rf8 Nf6 40.
Rd8 Ne4 41. Rd3 Nd6 42. Re3+ Kf6 43. Kd3 Nf5 44. Re1 Bd5 {(sealed)} 45. Rd1 Bb3
46. Re1 Bd5 47. Rd1 Bb3 48. Re1 Bc4+ 49. Ke4 Ne7 50. Kd4 Nc6+ 51. Ke4 Ne5 52.
Rd1 Ke6 53. Rd2 Ng4 54. f3 Nf6+ 55. Kf4 Nd5+ 56. Kg5 Kf7 57. g4 hxg4 58. fxg4
Kg7 59. h5 gxh5 60. gxh5 Kh7 61. h6 Bb3 62. Re2 Bc4 63. Re6 Bd3 64. Rd6 Be4 65.
Rd7+ Kh8 66. h7 Nb6 67. Re7 Bxh7 68. Kh6 Bg8 69. Rxb7 Nd5 70. Rxb5 Nxc3 71. Rb8
Nd5 72. b5 Ne7 73. b6 Nc6 74. Rc8 Na5 75. Rd8 Nb7 76. Rd7 Nc5 77. Rc7 Na6 78.
Rc8 Nb8 79. Kg5 Na6 80. b7 {Source: Darryl Johansen via Paul Summers 
(Australian Chess Games - https://sites.google.com/view/australianchess/home)}
1-0

[Event "Lloyds Bank Masters 07th"]
[Site "London"]
[Date "1983.08.25"]
[Round "2"]
[White "Kenworthy, Gary"]
[Black "Bilek, Istvan"]
[Result "1/2-1/2"]
[WhiteElo "2240"]
[BlackElo "2405"]
[PlyCount "38"]
[EventDate "1983.08.24"]
[EventType "swiss"]
[EventRounds "9"]
[EventCountry "ENG"]
[SourceTitle "Britbase"]

1. e4 c5 2. Nf3 g6 3. c3 Bg7 4. d4 cxd4 5. cxd4 d5 6. Nc3 dxe4 7. Nxe4 Nh6 8.
Bc4 Nf5 9. O-O O-O 10. Bg5 Nc6 11. d5 Na5 12. Qe2 Nxc4 13. Qxc4 Qb6 14. Rfe1 h6
15. Bf4 Bd7 16. Be5 Rfc8 17. Qe2 Qa5 18. Bxg7 Kxg7 19. Nc3 Qa6 1/2-1/2

[Event "Lloyds Bank Masters 07th"]
[Site "London"]
[Date "1983.08.25"]
[Round "2"]
[White "Lane, Gary William"]
[Black "Gulbrandsen, Arne Vinje"]
[Result "1-0"]
[WhiteElo "2270"]
[BlackElo "2350"]
[PlyCount "69"]
[EventDate "1983.08.24"]
[EventType "swiss"]
[EventRounds "9"]
[EventCountry "ENG"]
[SourceTitle "Britbase"]

1. e4 e5 2. Nf3 Nc6 3. Bc4 Bc5 4. c3 Qe7 5. O-O d6 6. d4 Bb6 7. h3 h6 8. Be3 g5
9. Nbd2 g4 10. hxg4 Bxg4 11. Bb5 exd4 12. Bxd4 Bxd4 13. cxd4 Kf8 14. Qa4 Bxf3
15. Nxf3 Qxe4 16. Rac1 Nge7 17. Rfe1 Qd5 18. Bc4 Qa5 19. Qb3 d5 20. Bf1 Qb6 21.
Qe3 Ng6 22. Rc5 Nce7 23. Rb5 Qd6 24. Rxb7 Kg7 25. Rc1 c6 26. Ne5 Rhb8 27. Rxc6
Qxc6 28. Rxb8 Rxb8 29. Nxc6 Nxc6 30. Qc3 Nge7 31. a3 a5 32. Qc5 Rb7 33. Ba6 Rc7
34. b4 axb4 35. axb4 1-0

[Event "Lloyds Bank Masters 07th"]
[Site "London"]
[Date "1983.08.25"]
[Round "2"]
[White "Lawton, Geoffrey W"]
[Black "Razuvaev, Yuri S"]
[Result "0-1"]
[WhiteElo "2380"]
[BlackElo "2525"]
[PlyCount "50"]
[EventDate "1983.08.24"]
[EventType "swiss"]
[EventRounds "9"]
[EventCountry "ENG"]
[SourceTitle "Britbase"]

1. e4 c5 2. Nf3 e6 3. d4 cxd4 4. Nxd4 Nf6 5. Bd3 Nc6 6. Nxc6 dxc6 7. O-O e5 8.
Nd2 Bg4 9. Qe1 Bc5 10. Nc4 Qe7 11. Bg5 h6 12. Bh4 Be6 13. Kh1 g5 14. Bg3 Bxc4
15. Bxc4 h5 16. h3 h4 17. Bh2 g4 18. f4 exf4 19. Rxf4 gxh3 20. gxh3 O-O-O 21.
Rxh4 Rdg8 22. Be2 Bd6 23. Bxd6 Qxd6 24. Bf3 Qe5 25. Rd1 Qf4 0-1

[Event "Lloyds Bank Masters 07th"]
[Site "London"]
[Date "1983.08.25"]
[Round "2"]
[White "Matanovic, Aleksandar"]
[Black "Gutman, Lev"]
[Result "1/2-1/2"]
[WhiteElo "2485"]
[BlackElo "2440"]
[PlyCount "104"]
[EventDate "1983.08.24"]
[EventType "swiss"]
[EventRounds "9"]
[EventCountry "ENG"]
[SourceTitle "Britbase"]

1. e4 c5 2. Nf3 d6 3. d4 cxd4 4. Nxd4 Nf6 5. Nc3 a6 6. Be2 e5 7. Nb3 Be7 8. O-O
O-O 9. Be3 Be6 10. Qd2 Nbd7 11. Rfd1 b5 12. a4 b4 13. Nd5 Bxd5 14. exd5 Nb6 15.
Na5 Nbxd5 16. Nc6 Qc7 17. Nxe7+ Qxe7 18. Bg5 Qc7 19. Rac1 Rfe8 20. c4 bxc3 21.
bxc3 Re6 22. c4 Ne7 23. Bf3 e4 24. Be2 Nf5 25. g4 e3 26. Qd3 exf2+ 27. Kf1 Rae8
28. gxf5 Rxe2 29. Bxf6 Qb7 30. Qd5 Qxd5 31. cxd5 gxf6 32. Rc8 Rxc8 33. Kxe2
Rc2+ 34. Kf1 Rc4 35. Rb1 Rd4 36. Rb6 Rxd5 37. Rxa6 Rd2 38. Rb6 Kg7 39. a5 Kh6
40. a6 Kg5 41. h4+ Kh5 42. Kg2 d5 43. Rb7 Ra2 44. Rxf7 Rxa6 45. Rxh7+ Kg4 46.
Kxf2 Ra2+ 47. Kf1 Kf3 48. Ke1 Ke4 49. Re7+ Kd3 50. Re6 Kd4 51. Rxf6 Rh2 52. Rf8
Rxh4 1/2-1/2

[Event "Lloyds Bank Masters 07th"]
[Site "London"]
[Date "1983.08.25"]
[Round "2"]
[White "Nasir Ali, Syed"]
[Black "Keene, Raymond D"]
[Result "1/2-1/2"]
[WhiteElo "2345"]
[BlackElo "2495"]
[PlyCount "103"]
[EventDate "1983.08.24"]
[EventType "swiss"]
[EventRounds "9"]
[EventCountry "ENG"]
[SourceTitle "Britbase"]

1. c4 g6 2. Nc3 Bg7 3. g3 Nf6 4. Bg2 O-O 5. Nf3 d6 6. O-O Nc6 7. Rb1 a5 8. a3
e5 9. d3 Nd4 10. Ne1 c6 11. e3 Nf5 12. Nf3 Re8 13. h3 d5 14. g4 e4 15. dxe4
dxe4 16. Qxd8 Rxd8 17. Nd2 Nh4 18. Ncxe4 Nxg2 19. Nxf6+ Bxf6 20. Kxg2 Be6 21.
f4 b5 22. b3 bxc4 23. bxc4 Bc3 24. f5 Bxf5 25. gxf5 Bxd2 26. fxg6 hxg6 27. Rf6
Bxc1 28. Rxc1 Rd3 29. Rcf1 Ra7 30. Rxc6 Rxa3 31. Re1 a4 32. e4 Rd7 33. Re2 Rdd3
34. e5 Rg3+ 35. Kf1 Ra1+ 36. Kf2 Rxh3 37. Kg2 Rah1 38. Re4 R1h2+ 39. Kg1 Rc2
40. e6 Rb3 41. exf7+ Kxf7 42. Rf4+ Kg7 43. Rf2 Rc1+ 44. Kg2 a3 45. c5 Rc4 46.
Rc7+ Kh6 47. c6 Ra4 48. Ra2 Rc3 49. Rc8 Kg5 50. c7 Kg4 51. Rg8 Rxc7 52. Rxg6+
1/2-1/2

[Event "Lloyds Bank Masters 07th"]
[Site "London"]
[Date "1983.08.25"]
[Round "2"]
[White "Nykopp, Jan Michael F"]
[Black "Watson, William N"]
[Result "0-1"]
[WhiteElo "2280"]
[BlackElo "2395"]
[PlyCount "92"]
[EventDate "1983.08.24"]
[EventType "swiss"]
[EventRounds "9"]
[EventCountry "ENG"]
[SourceTitle "Britbase"]

1. e4 c5 2. Nf3 d6 3. Bb5+ Bd7 4. Bxd7+ Qxd7 5. O-O Nf6 6. Qe2 Nc6 7. c3 e6 8.
d4 cxd4 9. cxd4 d5 10. e5 Ne4 11. Be3 Be7 12. Ne1 f5 13. exf6 Bxf6 14. Nd2 O-O
15. Nef3 Rac8 16. a3 Na5 17. Rac1 Nxd2 18. Bxd2 Rxc1 19. Bxc1 Nc6 20. Rd1 Re8
21. Qd3 e5 22. dxe5 Nxe5 23. Nxe5 Bxe5 24. g3 Bf6 25. Be3 d4 26. Bd2 h5 27.
Qb3+ Qf7 28. Qxf7+ Kxf7 29. Kf1 h4 30. gxh4 Bxh4 31. Bf4 Bf6 32. b3 g5 33. Bd2
Kg6 34. a4 Kf5 35. Rc1 g4 36. Rc7 Re7 37. Rc8 Rh7 38. Rf8 Rxh2 39. Rf7 g3 40.
Be1 Rh1+ 41. Kg2 Rxe1 42. fxg3 Re7 43. g4+ Kg6 44. Rf8 Rd7 45. Kf1 Bg7 46. Re8
d3 0-1

[Event "Lloyds Bank Masters 07th"]
[Site "London"]
[Date "1983.08.25"]
[Round "2"]
[White "Quinteros, Miguel"]
[Black "Treppner, Gerd"]
[Result "1-0"]
[WhiteElo "2500"]
[BlackElo "2345"]
[PlyCount "85"]
[EventDate "1983.08.24"]
[EventType "swiss"]
[EventRounds "9"]
[EventCountry "ENG"]
[SourceTitle "Britbase"]

1. c4 e5 2. Nc3 Nf6 3. e3 Be7 4. Nf3 Nc6 5. a3 O-O 6. b4 e4 7. Ng5 Ne5 8. Qc2
d5 9. cxd5 Bf5 10. f4 Nxd5 11. Nxd5 Qxd5 12. fxe5 Bxg5 13. Bb2 c6 14. Bc4 Qd7
15. O-O Bg6 16. Rf2 Bd8 17. e6 fxe6 18. Rxf8+ Kxf8 19. Rf1+ Ke8 20. Be5 Qe7 21.
Qc3 Bf5 22. Bxg7 Bc7 23. Bf6 Qd6 24. Rf4 Kd7 25. d4 Rf8 26. Be5 Qe7 27. Bxc7
Kxc7 28. Be2 Qd6 29. Qc5 Qxc5 30. dxc5 Rd8 31. h4 Rd2 32. Kf1 Bg6 33. h5 Be8
34. Rf8 Kd8 35. g4 Rd7 36. Rh8 Rg7 37. h6 Re7 38. Kf2 Kd7 39. Kg3 Bg6 40. Kf4
e5+ 41. Kg5 Rf7 42. Rb8 Kc7 43. Rg8 1-0

[Event "Lloyds Bank Masters 07th"]
[Site "London"]
[Date "1983.08.25"]
[Round "2"]
[White "Tarjan, James E"]
[Black "Fischdick, Gisela"]
[Result "1-0"]
[WhiteElo "2535"]
[BlackElo "2180"]
[PlyCount "73"]
[EventDate "1983.08.24"]
[EventType "swiss"]
[EventRounds "9"]
[EventCountry "ENG"]
[SourceTitle "Britbase"]

1. d4 Nf6 2. c4 e6 3. Nf3 c5 4. d5 exd5 5. cxd5 g6 6. Nc3 Bg7 7. Bf4 d6 8. Qa4+
Bd7 9. Qb3 Qc7 10. e4 O-O 11. Be2 Nh5 12. Be3 a6 13. O-O Bg4 14. h3 Bxf3 15.
Bxf3 Nd7 16. Bxh5 gxh5 17. Ne2 Rae8 18. f3 Qb6 19. Qc2 f5 20. Nf4 Bh6 21. Rae1
Rf7 22. Kh2 fxe4 23. Ne6 Bg7 24. Nxg7 Rxg7 25. Bd2 Qb5 26. a4 Qb6 27. Bc3 Rge7
28. Qf2 Ne5 29. f4 Ng6 30. Qg3 Kf8 31. Qg5 Rf7 32. Qxh5 Qd8 33. f5 Ne5 34. f6
Ng6 35. Re3 b5 36. Rg3 b4 37. Rxg6 1-0

[Event "Lloyds Bank Masters 07th"]
[Site "London"]
[Date "1983.08.26"]
[Round "3"]
[White "Beilfuss, Wilfried"]
[Black "Hartston, William Roland"]
[Result "1/2-1/2"]
[WhiteElo "2255"]
[BlackElo "2445"]
[PlyCount "90"]
[EventDate "1983.08.24"]
[EventType "swiss"]
[EventRounds "9"]
[EventCountry "ENG"]
[SourceTitle "Britbase"]

1. d4 Nf6 2. Nf3 d5 3. c4 c6 4. cxd5 cxd5 5. Nc3 Nc6 6. Bf4 e6 7. e3 Nh5 8. Bg5
Qb6 9. Qd2 h6 10. Bh4 g5 11. Bg3 Nxg3 12. hxg3 Bg7 13. Rc1 Qa5 14. Bd3 Bd7 15.
a3 Rc8 16. O-O O-O 17. Bb1 f5 18. Qd3 Be8 19. g4 Bg6 20. gxf5 Bxf5 21. Qd1 Bxb1
22. Nxb1 Qd8 23. b4 g4 24. Ne1 Qg5 25. Nc3 Ne7 26. Ne2 Nf5 27. Rxc8 Rxc8 28.
Nf4 g3 29. Qf3 Qh4 30. Nh3 Rf8 31. Qf4 Qxf4 32. Nxf4 Nxd4 33. Ned3 Nc2 34. Nxe6
gxf2+ 35. Rxf2 Rxf2 36. Kxf2 Nxa3 37. Ndf4 d4 38. Nxg7 Kxg7 39. Ne6+ Kf6 40.
Nxd4 Ke5 41. Kf3 Kd5 42. g4 Nc4 43. Nf5 Ne5+ 44. Kg3 Nf7 45. Kf4 a6 1/2-1/2

[Event "Lloyds Bank Masters 07th"]
[Site "London"]
[Date "1983.08.26"]
[Round "3"]
[White "Britton, Richard"]
[Black "Lane, Gary William"]
[Result "1-0"]
[WhiteElo "2325"]
[BlackElo "2270"]
[PlyCount "80"]
[EventDate "1983.08.24"]
[EventType "swiss"]
[EventRounds "9"]
[EventCountry "ENG"]
[SourceTitle "Britbase"]

1. c4 e5 2. g3 Nc6 3. Bg2 g6 4. Nc3 Bg7 5. e3 d6 6. Nge2 Be6 7. Nd5 Nce7 8. d4
c6 9. Nxe7 Nxe7 10. d5 cxd5 11. cxd5 Bd7 12. Qb3 b5 13. O-O O-O 14. Bd2 a5 15.
Rfc1 f5 16. a3 g5 17. f4 gxf4 18. exf4 e4 19. Be3 Qb8 20. Nd4 Kh8 21. Nc6 Bxc6
22. dxc6 a4 23. Qd1 Qc7 24. Rc2 Ra6 25. Rac1 Kg8 26. g4 d5 27. gxf5 d4 28. Bxd4
Rd8 29. Qg4 Rxd4 30. f6 Ng6 31. Qe6+ Kh8 32. fxg7+ Kxg7 33. f5 Nf4 34. f6+ Kh6
35. Qe7 Ra7 36. Qf8+ Kg6 37. f7 Qb6 38. Qg8+ Kh5 39. Kh1 Ng6 40. Qxh7+ Kg5 {
time} 1-0

[Event "Lloyds Bank Masters 07th"]
[Site "London"]
[Date "1983.08.26"]
[Round "3"]
[White "Gutman, Lev"]
[Black "Tarjan, James E"]
[Result "1/2-1/2"]
[WhiteElo "2440"]
[BlackElo "2535"]
[PlyCount "136"]
[EventDate "1983.08.24"]
[EventType "swiss"]
[EventRounds "9"]
[EventCountry "ENG"]
[SourceTitle "Britbase"]

1. Nf3 c5 2. g3 g6 3. Bg2 Bg7 4. d4 cxd4 5. Nxd4 Nc6 6. Nxc6 bxc6 7. O-O Rb8 8.
Nd2 Nf6 9. Nb3 Qc7 10. Bd2 d6 11. Ba5 Qd7 12. Bc3 Bb7 13. Re1 O-O 14. Qd2 Rfd8
15. Rad1 Qc8 16. Na5 Ba8 17. e4 Nd7 18. Bxg7 Kxg7 19. Nc4 Qc7 20. b3 c5 21.
Qc3+ Kg8 22. e5 Bxg2 23. exd6 Qc6 24. dxe7 Re8 25. Na5 Qa8 26. f3 Bh3 27. g4
Nb6 28. Re5 Rbc8 29. Rd6 Qb8 30. Qd2 c4 31. b4 c3 32. Qd3 Nc4 33. Nxc4 Rxc4 34.
Rd8 Rc8 35. Red5 Qb6+ 36. Qd4 Qe6 37. Re5 Qc6 38. Kf2 Qc7 39. Rxc8 Qxc8 40.
Qxa7 h5 41. gxh5 Be6 42. hxg6 fxg6 43. Rc5 Qd7 44. Qxd7 Bxd7 45. Rxc3 Ra8 46.
a3 Kf7 47. Re3 Be6 48. a4 Kxe7 49. a5 Kd6 50. Rd3+ Kc6 51. Rd4 Kb5 52. Rd6 Bf5
53. c3 Rc8 54. h4 Rxc3 55. h5 Kxb4 56. hxg6 Rc7 57. a6 Rg7 58. Ke3 Kc5 59. Rf6
Bxg6 60. a7 Rxa7 61. Rxg6 Kd5 62. Kf4 Rf7+ 63. Kg4 Ke5 64. Rg5+ Ke6 65. f4 Ra7
66. Rg6+ Kf7 67. Kh5 Ra5+ 68. Rg5 Ra1 1/2-1/2

[Event "Lloyds Bank Masters 07th"]
[Site "London"]
[Date "1983.08.26"]
[Round "3"]
[White "Hamid, Rani"]
[Black "Ady, Jonathan James"]
[Result "0-1"]
[WhiteElo "2035"]
[BlackElo "2270"]
[PlyCount "52"]
[EventDate "1983.08.24"]
[EventType "swiss"]
[EventRounds "9"]
[EventCountry "ENG"]
[SourceTitle "Britbase"]

1. e4 c5 2. Nf3 d6 3. d4 cxd4 4. Nxd4 Nf6 5. Nc3 a6 6. Be2 e6 7. O-O Be7 8. Kh1
O-O 9. f4 Qc7 10. Be3 b5 11. Bf3 Bb7 12. a3 Nbd7 13. Nb3 Rac8 14. Qe1 Nb6 15.
Na5 Ba8 16. Qg3 Na4 17. Nxa4 bxa4 18. e5 dxe5 19. fxe5 Ne4 20. Bxe4 Bxe4 21.
Bd2 Qxc2 22. Bc3 Bh4 23. Qh3 Rfd8 24. Kg1 Rd3 25. g3 Rcxc3 26. bxc3 Rd2 0-1